<?xml version="1.0" encoding="UTF-8"?>
<record
    xmlns:xsi="http://www.w3.org/2001/XMLSchema-instance"
    xsi:schemaLocation="http://www.loc.gov/MARC21/slim http://www.loc.gov/standards/marcxml/schema/MARC21slim.xsd"
    xmlns="http://www.loc.gov/MARC21/slim">

  <leader>01289nam a22002657a 4500</leader>
  <controlfield tag="005">20220530092054.0</controlfield>
  <controlfield tag="008">220527b           ||||| |||| 00| 0 eng d</controlfield>
  <datafield tag="020" ind1=" " ind2=" ">
    <subfield code="a">9789393954220</subfield>
  </datafield>
  <datafield tag="040" ind1=" " ind2=" ">
    <subfield code="c">Aloy</subfield>
  </datafield>
  <datafield tag="041" ind1=" " ind2=" ">
    <subfield code="a">kan</subfield>
  </datafield>
  <datafield tag="082" ind1=" " ind2=" ">
    <subfield code="2">23</subfield>
    <subfield code="a">954.87K</subfield>
    <subfield code="b">TANK</subfield>
  </datafield>
  <datafield tag="100" ind1=" " ind2=" ">
    <subfield code="a">Sanjeevakurmar T Tandale: &#xCB8;&#xC82;&#xC9C;&#xCC0;&#xCB5;&#xC95;&#xCC1;&#xCAE;&#xCBE;&#xCB0; &#xC9F;&#xCBF; &#xCA4;&#xC82;&#xCA6;&#xCBE;&#xCB3;&#xCC6; and others</subfield>
    <subfield code="9">39503</subfield>
  </datafield>
  <datafield tag="245" ind1=" " ind2=" ">
    <subfield code="a">Karnataka rajakiya itihasa:</subfield>
    <subfield code="b">&#xC95;&#xCB0;&#xCCD;&#xCA8;&#xCBE;&#xC9F;&#xC95;  &#xCB0;&#xCBE;&#xC9C;&#xC95;&#xCC0;&#xCAF; &#xC87;&#xCA4;&#xCBF;&#xCB9;&#xCBE;&#xCB8;: &#xC95;&#xCCD;&#xCB0;&#xCBF;&#xCB6; 11&#xCB0;&#xCBF;&#xC82;&#xCA6; &#xC95;&#xCCD;&#xCB0;&#xCBF;&#xCB6; 1750&#xCB0;&#xCB5;&#xCB0;&#xCC6;&#xC97;&#xCC6; </subfield>
  </datafield>
  <datafield tag="260" ind1=" " ind2=" ">
    <subfield code="a">Kalaburgi:</subfield>
    <subfield code="b">S S Bhavikatti Prakashana,</subfield>
    <subfield code="c">2022.</subfield>
  </datafield>
  <datafield tag="300" ind1=" " ind2=" ">
    <subfield code="a">268p.</subfield>
    <subfield code="b">PB</subfield>
    <subfield code="c">21x14cm.</subfield>
  </datafield>
  <datafield tag="365" ind1=" " ind2=" ">
    <subfield code="2">Political Science</subfield>
    <subfield code="a">1100</subfield>
    <subfield code="b">160.00</subfield>
    <subfield code="c">&#x20B9;</subfield>
    <subfield code="d">200.00</subfield>
    <subfield code="e">20%</subfield>
    <subfield code="f">24-05-2022</subfield>
  </datafield>
  <datafield tag="650" ind1=" " ind2=" ">
    <subfield code="a">Karnataka History: &#xC95;&#xCB0;&#xCCD;&#xCA8;&#xCBE;&#xC9F;&#xC95; &#xC87;&#xCA4;&#xCBF;&#xCB9;&#xCBE;&#xCB8;  </subfield>
    <subfield code="9">39231</subfield>
  </datafield>
  <datafield tag="650" ind1=" " ind2=" ">
    <subfield code="a">NEP Syllabus: &#xCB0;&#xCBE;&#xCB7;&#xCCD;&#xC9F;&#xCC0;&#xCAF; &#xCB6;&#xCBF;&#xC95;&#xCCD;&#xCB7;&#xCA3; &#xCA8;&#xCC0;&#xCA4;&#xCBF;  2020</subfield>
    <subfield code="9">39232</subfield>
  </datafield>
  <datafield tag="650" ind1=" " ind2=" ">
    <subfield code="a">DSC 3: &#xCAA;&#xCA4;&#xCCD;&#xCB0;&#xCBF;&#xC95;&#xCC6; 3</subfield>
    <subfield code="9">39233</subfield>
  </datafield>
  <datafield tag="650" ind1=" " ind2=" ">
    <subfield code="a">NEP II SEM BA</subfield>
    <subfield code="9">39504</subfield>
  </datafield>
  <datafield tag="700" ind1=" " ind2=" ">
    <subfield code="a">TANDALE (Sanjeevakumar T): &#xCA4;&#xC82;&#xCA6;&#xCBE;&#xCB3;&#xCC6; (&#xCB8;&#xC82;&#xC9C;&#xCC0;&#xCB5;&#xC95;&#xCC1;&#xCAE;&#xCBE;&#xCB0; &#xC9F;&#xCBF;)</subfield>
    <subfield code="9">39234</subfield>
  </datafield>
  <datafield tag="700" ind1=" " ind2=" ">
    <subfield code="a">MAHESH (K: &#xCAE;&#xCB9;&#xCC7;&#xCB6;&#xCCD; (&#xC95;&#xCC6;)</subfield>
    <subfield code="9">39235</subfield>
  </datafield>
  <datafield tag="700" ind1=" " ind2=" ">
    <subfield code="a">UPPALLI (Rameshbabu S): &#xC89;&#xCAA;&#xCCD;&#xCAA;&#xCB2;&#xCCD;&#xCB2;&#xCBF; (&#xCB0;&#xCAE;&#xCC7;&#xCB6;&#xCAC;&#xCBE;&#xCAC;&#xCC1; &#xC8E;&#xCB8;&#xCCD;)</subfield>
    <subfield code="9">39236</subfield>
  </datafield>
  <datafield tag="942" ind1=" " ind2=" ">
    <subfield code="2">ddc</subfield>
    <subfield code="c">BK</subfield>
  </datafield>
  <datafield tag="999" ind1=" " ind2=" ">
    <subfield code="c">223142</subfield>
    <subfield code="d">223142</subfield>
  </datafield>
  <datafield tag="952" ind1=" " ind2=" ">
    <subfield code="0">0</subfield>
    <subfield code="1">0</subfield>
    <subfield code="2">ddc</subfield>
    <subfield code="4">0</subfield>
    <subfield code="7">0</subfield>
    <subfield code="8">HIS</subfield>
    <subfield code="a">AL</subfield>
    <subfield code="b">AL</subfield>
    <subfield code="d">2022-05-25</subfield>
    <subfield code="e">Biblios Book Point, Surathkal, Mangalore-575014</subfield>
    <subfield code="g">160.00</subfield>
    <subfield code="l">0</subfield>
    <subfield code="o">954.87K TANK</subfield>
    <subfield code="p">075828</subfield>
    <subfield code="r">2022-05-27 00:00:00</subfield>
    <subfield code="v">200.00</subfield>
    <subfield code="w">2022-05-27</subfield>
    <subfield code="y">BK</subfield>
  </datafield>
  <datafield tag="952" ind1=" " ind2=" ">
    <subfield code="0">0</subfield>
    <subfield code="1">0</subfield>
    <subfield code="2">ddc</subfield>
    <subfield code="4">0</subfield>
    <subfield code="7">0</subfield>
    <subfield code="8">HIS</subfield>
    <subfield code="a">AL</subfield>
    <subfield code="b">AL</subfield>
    <subfield code="d">2022-05-25</subfield>
    <subfield code="e">Biblios Book Point, Surathkal, Mangalore-575014</subfield>
    <subfield code="g">160.00</subfield>
    <subfield code="l">1</subfield>
    <subfield code="o">954.87K TANK</subfield>
    <subfield code="p">075829</subfield>
    <subfield code="r">2024-10-23 00:00:00</subfield>
    <subfield code="s">2024-10-15</subfield>
    <subfield code="v">200.00</subfield>
    <subfield code="w">2022-05-27</subfield>
    <subfield code="y">BK</subfield>
  </datafield>
</record>
